| 000 | 00665nam a22001937a 4500 | ||
|---|---|---|---|
| 999 |
_c9230 _d9230 |
||
| 003 | AR-CdUCM | ||
| 008 | 190327b ||||| |||| 00| 0 spa d | ||
| 040 |
_aMUNICIPALIDAD PROVINCIAL DEL CUSCO _cBIBLIOTECA MUNICIPAL DEL CUSCO |
||
| 082 |
_aC / 070.9856/ _bM36 |
||
| 100 |
_aMedina Díaz, Lucio _925299 |
||
| 245 | _aHistoria del periodismo canchino / | ||
| 260 |
_aLima : _b"La confianza", editorial litográfica, _c1965. |
||
| 300 |
_a44 páginas ; _c16.5 cm. |
||
| 650 |
_aperiodismo - Perú - Sicuani _925300 |
||
| 650 |
_aHistoria del periodismo - Sicuani -- Cusco _925301 |
||
| 650 |
_aPeriodismo canchino _925302 |
||
| 942 |
_2ddc _cLIBROS |
||
| 945 | _alccs | ||